Responses for Show #6609 - Thursday, May 16, 2013

2013 College Championship final game 1.

Contestants

[<< previous game]

Kristen Jolley, a senior at the Georgia Institute of Technology from Alpharetta, Georgia

Trevor Walker, a sophomore at MIT from Miami Shores, Florida

Jim Coury, a sophomore from Georgetown University from Olmsted Falls, Ohio

[next game >>]

Jeopardy! Round responses

WHERE IS IT?
SYMBOLS
SHORT & TWEET
NONFICTION
TECH STUFF
YES "WAY"
    $200 21
The White House

Jim
    $200 11
corn

Jim
    $200 6
Jennifer Lopez

Trevor
    $200 26
(Kristen: Who is Buffalo Bill?)
...
(Alex: Buffalo Bill wasn't an outlaw, but [*] was.)

Billy the Kid

Kristen
Triple Stumper
    $200 1
radio waves

Trevor
    $200 16
(Jim What is wayward?)

flyaway

JimKristen
    $400 22
Red Square

Trevor
    $400 12
the Olympics

Kristen
    $400 7
LeBron James

Jim
    $400 27
Malcolm X

Jim
    $400 2
ask me anything

Jim
    $400 17
beltway

Kristen
    $600 23
Tokyo

Kristen
    $600 13
Mercury

Jim
    $600 8
(Trevor: Who is the Pope?)
(Alex: [*], yes.)

Pope Francis

Trevor
    $600 28
Ayn Rand

Trevor
    $600 3
ethernet

Trevor
    $600 18
Wayfarers

Jim
    $800 24
Saskatchewan

Jim
    $800 14
women

Trevor
    $800 9
Ashton Kutcher

Triple Stumper
    $800 29
gospels

Jim
    $800 4
ASCII

Trevor
    $800 19
Ways and Means

Jim
    $1000 25
Europe

Trevor
    $3,000 15
[Trevor shakes his head]
(Alex: Oh, I bet you Kristen would have known this. It's [*].)

Atlanta

Trevor
    $1000 10
Wil Wheaton

Trevor
    $1000 30
(Aldous) Huxley

Jim
    $1000 5
phablet

Trevor
    $1000 20
(Kristen: What is Galloway?)
(Alex: [*], yes.)

Galway

Kristen

Scores at the first commercial break (after clue 15):

Jim Trevor Kristen
$1,600 $2,200 $400

Scores at the end of the Jeopardy! Round:

Jim Trevor Kristen
$6,000 $4,200 $2,400

Double Jeopardy! Round responses

NEW IN OXFORD
USING ALGEBRA AFTER HIGH SCHOOL
MUSIC OF TODAY
CLASSIC TOYS
THEATER
GETTING MEDIEVAL ON YOU
    $400 16
a sound

Kristen
    $400 11
24

Jim
    $400 1
Jessie J

Trevor
    $400 6
Easy-Bake Oven

Trevor
    $400 22
Les Misérables

Kristen
    $400 21
bread

Kristen
    $800 17
infographic

Kristen
    $800 12
2

Kristen
    $800 2
Bruno Mars

Trevor
    $800 7
(Kristen: What is Silly Putty?)
...
(Alex: What is [*]? Silly Putty is a lot like me. You drop me from 10 feet, I just splat.)
[Laughter]

Super Ball

Kristen
Triple Stumper
    $3,000 23
Rent

Kristen
    $800 27
Abel

Kristen
    $1200 18
donate an organ

Trevor
    $1200 13
1/3

Jim
    $1200 3
The Killers

Jim
    $1200 8
Mr. Potato Head

Kristen
    $1200 24
Tennessee Williams

Jim
    $1200 28
"Little Red Riding Hood"

Trevor
    $4,000 19
net neutrality

Trevor
    $1600 14
3600

Kristen
    $1600 4
"Lonely Boy"

Triple Stumper
    $1600 9
Etch A Sketch

Trevor
    $1600 25
(Matthew) Shepard

Jim
    $1600 30
tournament

Jim
    $2000 20
flexitarian

Jim
    $2000 15
(Trevor: [*].)
(Kristen: x equals...)
...
(Alex: Both of you were making the same mistake. You did not phrase it in the form of a question, and you came up with the correct responses, of course.)

x = 3; y = 1

TrevorKristen
Triple Stumper
    $2000 5
Ellie Goulding

Jim
    $2000 10
(Alex: We're talking about [*], Frank Lloyd Wright's son.)

Lincoln Logs

Triple Stumper
    $2000 26
Edwin Drood

Kristen
    $2000 29
Roland

Kristen

Scores at the end of the Double Jeopardy! Round:

Jim Trevor Kristen
$17,200 $11,800 $13,000

Final Jeopardy! Round responses

20th CENTURY PRESIDENTS
(Alex: [To Jim] You went way too far back. [*]. Okay? [*], Eisenhower's vice president; [**], JFK's vice president.)
TrevorWho ?
$800
KristenWho are Ford + someone
$3,000
JimWho are Roosevelt + Taft
$8,600
Richard Nixon & LBJ

Final scores:

Jim Trevor Kristen
$8,600 $11,000 $10,000

Game dynamics:

Coryat scores:

Jim Trevor Kristen
$17,200 $12,400 $10,800
19 R,
1 W
18 R
(including 1 DD),
2 W
(including 1 DD)
16 R
(including 1 DD),
3 W

Combined Coryat: $40,400

[game clues] [game scores] [suggest correction]

Game tape date: 2013-04-09
The J! Archive is created by fans, for fans. Scraping, republication, monetization, and malicious use prohibited; this site may use cookies and collect identifying information. See terms. The Jeopardy! game show and all elements thereof, including but not limited to copyright and trademark thereto, are the property of Jeopardy Productions, Inc. and are protected under law. This website is not affiliated with, sponsored by, or operated by Jeopardy Productions, Inc. Join the discussion at JBoard.tv.